000
00342 a2200169 4500
001
191550
020
_a
978-85-16-09436-2
040
_c
Magnum
100
_a
Terra, Ana
240
1
0
_a
O p do pato
_l
por
245
1
0
_a
O p do pato
300
_a
31
362
0
_a
2014
440
1
_a
Salamandra
697
_a
LITERATURA INFANTO
942
_c
BK
999
_c
191550
_d
191550